000 00255nam a2200121 i 4500
001 bg
245 0 _aPod kierownictwem PZPR.
260 _aWarszawa,
_c1977.
040 _cBPK
041 _apol
942 _cKS
008 s pl f |000 0 pol
999 _c27702
_d27702
856 _uhttp://koha.tu.koszalin.pl/cgi-bin/koha/opac-detail.pl?biblionumber=27702
_yKatalog online BPK